ბათუმის შოთა რუსთაველის სახელმწიფო უნივერსიტეტის ბიბლიოთეკა

საქართველოს გეობოტანიკური დარაიონება (ბიბ.ჩანაწერი № 44433)

000 -LEADER
fixed length control field 00812nam a2200217Ia 4500
001 - CONTROL NUMBER
control field 11201
003 - CONTROL NUMBER IDENTIFIER
control field GE_BSU
008 - FIXED-LENGTH DATA ELEMENTS--GENERAL INFORMATION
fixed length control field 181216s||||||||xx |||||||||||||| ||und||
040 ## - CATALOGING SOURCE
Transcribing agency GE_BSU
080 ## - UNIVERSAL DECIMAL CLASSIFICATION NUMBER
Universal Decimal Classification number 581.9(479.22)
100 ## - MAIN ENTRY--PERSONAL NAME
Personal name ქვაჩაკიძე რევაზ
245 ## - TITLE STATEMENT
Title საქართველოს გეობოტანიკური დარაიონება
245 ## - TITLE STATEMENT
Statement of responsibility, etc. რედ: გ. ნახუცრიშვილი
260 ## - PUBLICATION, DISTRIBUTION, ETC.
Place of publication, distribution, etc. თბილისი.
260 ## - PUBLICATION, DISTRIBUTION, ETC.
Name of publisher, distributor, etc. მეცნიერება
260 ## - PUBLICATION, DISTRIBUTION, ETC.
Date of publication, distribution, etc. 1996
300 ## - PHYSICAL DESCRIPTION
Extent 126გვ.20სმ.
300 ## - PHYSICAL DESCRIPTION
Accompanying material რეზიუმე რუსულ ენაზე გვ.118
653 ## - INDEX TERM--UNCONTROLLED
Uncontrolled term საქართველოს გეობოტანიკური დარაიონება
942 ## - ADDED ENTRY ELEMENTS (KOHA)
Koha item type წიგნი

არაა ხელმისაწვდომი ეგზემპლარები.